000 01217naa a22003257a 4500
001 BR8600836
003 BR-BrBNA
005 20250721154457.0
007 ta
008 250630b bl.|||m| |||| 00| 0 por d
040 _aBR-BrBNA
_bpor
_cBiblioteca Nacional de Agricultura
041 _a(Pt)
072 _aF30; H10
_b0336
_b4020
090 _aF30 BR8600836
100 1 _aCampos, C.B.H.
100 1 _aPinto, R.M.
245 1 _aEfeito de especie de percevejos fitofagos sobre genotipos de soja de ciclo precoce e semi-tardio
246 1 _a[Effect of phytophagous bug species on soybean genotypes of early and semi-late cycle]
246 1 _a[Soybean research findings 1984/85]
500 _aResultados de pesquisa de soja 1984/85 Londrina, PR (Brasil): 1985. p. 118-125 [16 tables] (BR8600836-AMS)
773 0 _tResultados de pesquisa de soja 1984/85
_wF30 BR8600836
_gLondrina, PR (Brasil), 1985. p. 118-125
650 _aSOJA
650 _aGENOTIPO
650 _aPERCEVEJO
650 _aINFESTACAO
650 _aVARIEDADE RESISTENTE
490 _aDocumentos - Centro Nacional de Pesquisa de Soja (Brazil)
_vno. 15
_xISSN 0101-5494
942 _cAMS
_2AGRIS
909 _a202506
_bLúcia
_c55
_dLúcia Elande
999 _c335051
_d335051